Sind es Länder? - Statistiken

Allgemein
  • Dieses Quiz wurde 249 mal gespielt
  • Das Durchschnittsergebnis liegt bei 11 aus 12
Antwortstatistiken
Frage Antwort % Korrekt
Entscheide welches Land nicht existiert. Ostkorea
100%
Entscheide welches Land nicht existiert. Paranam
100%
Entscheide welches Land nicht existiert. Le Salvador
99%
Entscheide welches Land nicht existiert. Muldawien
99%
Entscheide welches Land nicht existiert. Westafrika
99%
Entscheide welches Land nicht existiert. Föderierte Staaten von Marshallinseln
91%
Entscheide welches Land existiert. Mauretanien
89%
Entscheide welches Land existiert. Kuwait
88%
Entscheide welches Land existiert. Montenegro
88%
Entscheide welches Land existiert. Paraguay
88%
Entscheide welches Land existiert. Bahamas
87%
Entscheide welches Land existiert. Palau
86%
Keine übereinstimmenden Quizze gefunden
Verteilung der Resultate
Anzahl Personen mit jedem Resultat
Perzentil nach korrekt beantworteten Fragen
Ihre Resultats-Entwicklung
Sie haben dieses Quiz noch nicht gespielt